000 00327nam a22001457a 4500
003 OSt
005 20160727222421.0
008 160628b xxu||||| |||| 00| 0 eng d
040 _cTEST
100 _91255
_aRohan Book Company
245 _aPlants
260 _aDELHI
_bR.B COMPANY
_c2001
300 _aPlants
942 _2ddc
_cBK
999 _c1029
_d1029